000 01170nam a22002417a 4500
001 3727
003 FISKH
005 20240425093022.0
008 240425b cb ||||| |||| 00| 0 eng d
040 _aFISK
_beng
_cFISK
_dFISK
050 _aPR5774.T5
082 _a823.912
100 _aWells H. G.
_d1866-1946
245 _aThe time machine /
260 _aGreat Britain :
_bWilliam Collins,
_c2017
300 _a128 pages :
_c18 cm
505 _aM
520 _aH. G. Wells' The Time Machine, from 1895, popularized the idea of a vehicle that allows its user to travel intentionally and selectively across time, and indeed Wells is credited with coining the very term "time machine." The Time Traveler of this novella tests his time machine with a leap forward to the year 802,701 A.D., to find that evolution has produced two very different post-human races - the peaceful and childlike fruit-eating Eloi and the Morlocks - pale, darkness-dwelling troglodites who operate the underground machinery that makes this seeming paradise possible.
521 8 _aestimates,
_bLexiles NP
700 _aH. G. Wells
942 _2lcc
_cBK
_n0
999 _c3727
_d3727